000 00449nam a2200181Ia 4500
001 18669
005 20260306171647.0
008 260306s9999||||xx |||||||||||||| ||und||
041 _aESP
082 _a658.45
_bB45
100 _aBerceruelo, Benito
_eAUT
245 0 _aComunicación financiera:
_btransferencia y confianza
260 _c2013
300 _a312 pƔginas :
_c24 cm.
650 _aGEN
654 _aCAN
942 _cLIB
_dJUS
_fJUS
_2ddc
_n
999 _c18669
_d18669